| 000 | 01168nam a2200313 i 4500 | ||
|---|---|---|---|
| 001 | 13688 | ||
| 003 | KOSZ 005 | ||
| 005 | 20201014125206.0 | ||
| 008 | 071103s1970 pl a f 000 0 pol | ||
| 015 | _aPB 1971/643 | ||
| 040 |
_aWA N _cWA N _dKOSZ 005/ID |
||
| 080 | _a371.3 | ||
| 245 | 0 | 0 |
_aMetody i przykłady programowania dydaktycznego : _bpraca zbiorowa / _cpod red. Czesława Kupisiewicza. |
| 260 |
_aWarszawa : _bPaństwowe Wydawnictwo Naukowe, _c1970. |
||
| 300 |
_a509, [2] stron : _bilustracje ; _c25 cm. |
||
| 336 |
_2rdacontent _aTekst _btxt |
||
| 337 |
_2rdamedia _aBez urządzenia pośredniczącego _bn |
||
| 338 |
_2rdacarrier _aWolumin _bnc |
||
| 380 | _aKsiążki. | ||
| 500 | _aMiędzynarodowy Rok Oświaty 1970. | ||
| 504 | _aBibliografia na stronach 507-[508]. | ||
| 546 | _aSpis treści w języku francuskim. | ||
| 658 | _aEdukacja i pedagogika | ||
| 650 | 4 | _aMetody nauczania | |
| 700 | 1 |
_aKupisiewicz, Czesław _d(1924-2015). _eRedakcja |
|
| 710 | 2 |
_aPaństwowe Wydawnictwo Naukowe _4pbl. |
|
| 856 |
_uhttp://koha.tu.koszalin.pl/cgi-bin/koha/opac-detail.pl?biblionumber=13688 _yKatalog online BPK |
||
| 942 |
_2UKD _cKS |
||
| 999 |
_c13688 _d13688 |
||